| 000 | 01016nam a2200301 a 4500 | ||
|---|---|---|---|
| 001 | 82288 | ||
| 003 | BD-RjUL | ||
| 005 | 20231114140817.0 | ||
| 008 | 231114s2016 ii a ob 000 0 eng d | ||
| 020 | _a9789385516559 | ||
| 035 | _a(BD-RjUL)82288 | ||
| 040 |
_aGCL _beng _erda _epn _cN$T _dOCLCO _dYDX _dBD-RjUL |
||
| 041 | _aeng | ||
| 082 |
_223 _a338.1 _bHAA 2016 |
||
| 100 | 1 |
_aHatai, Lakshmi Dhar, _eauthor. _910051 |
|
| 245 | 1 | 0 |
_aAgricultural marketing management / _cLakshmi Dhar Hatai (Ph. D., BHU). |
| 264 | 1 |
_aNew Delhi : _bNew India Publishing Agency, _cc2016 |
|
| 300 |
_aix, 124 pages : _billustrations; _c24 cm. |
||
| 336 |
_atext _btxt _2rdacontent |
||
| 337 |
_acomputer _bc _2rdamedia |
||
| 338 |
_aonline resource _bcr _2rdacarrier |
||
| 504 | _aIncludes bibliographical references (pages 123-124). | ||
| 588 | 0 | _aPrint version record. | |
| 650 | 4 |
_aAgriculture _xEconomic aspects. _93612 |
|
| 650 | 4 |
_aFarm produce _xMarketing. _910052 |
|
| 650 | 4 |
_aAgriculture _xManagement. _92695 |
|
| 942 |
_2ddc _cBK |
||
| 999 |
_c82288 _d82288 |
||